BIBLIOTECA SU ALTEZA IMPERIAL PRÍNCIPE AKISHINO
秋篠宮文庫

Mi almohada de hierbas / (Record no. 946)

MARC details
000 -LEADER
campo de control de longitud fija 01148cam a2200253 a 4500
003 - IDENTIFICADOR DE NÚMERO DE CONTROL
campo de control Biblioteca Akishino
005 - FECHA Y HORA DE LA ÚLTIMA TRANSACCIÓN
campo de control 20260601200046.0
008 - DATOS DE LONGITUD FIJA--INFORMACIÓN GENERAL
campo de control de longitud fija 100525s2025 ar | |||| 000 f spa
020 ## - NÚMERO INTERNACIONAL ESTÁNDAR DEL LIBRO
Número Internacional Estándar del Libro 9789569673535
040 ## - FUENTE DE CATALOGACIÓN
Centro catalogador/agencia de origen SpMaBN
Centro/agencia transcriptor SpMaBN
Normas de descripción rdc
041 1# - Idioma
Código de lengua del texto/banda sonora o título independiente spa
Código de lengua original jpn
082 0# - Número Dewey (CDD)
Número de clasificación 895.634
Número de ítem SO715ku.E 2025
100 1# - ENTRADA PRINCIPAL--NOMBRE DE PERSONA
Nombre de persona Natsume, Sōseki,
Fechas asociadas al nombre 1867-1916
9 (RLIN) 105
240 10 - Título Normalizado
Título uniforme Kusamakura.
Lenguaje de la obra Español
245 10 - MENCIÓN DEL TÍTULO
Título Mi almohada de hierbas /
Mención de responsabilidad, etc. Natsume Soseki ; traducción de Amalia Sato y Alejandro Güerri.
250 ## - MENCION DE EDICION
Mención de edición 1a ed.
260 ## - PUBLICACIÓN, DISTRIBUCIÓN, ETC.
Lugar de publicación, distribución, etc. Argentina :
Nombre del editor, distribuidor, etc. Abducción,
Fecha de publicación, distribución, etc. 2025.
520 ## - RESUMEN, ETC.
Sumario, etc. En esta novela haiku, un artista viaja a un remoto pueblo de montaña buscando la distancia necesaria para transformar la vida en arte. Sus observaciones que mezclan poesía, pintura y reflexión se convierten en una suerte de cuaderno de notas para creadores, una declaración estética en la que los gestos cotidianos se examinan como si fueran parte de un vasto lienzo.
650 #7 - Temas - Palabras clave
Término de materia o nombre geográfico como elemento de entrada Narrativa japonesa
Fuente del encabezamiento o término descriptor local
-- 1368
655 #0 - GÉNERO
Datos o término principal de género/forma Novela
-- 1469
700 1# - ENTRADA AGREGADA--NOMBRE PERSONAL
Nombre de persona Sato, Amalia
Término indicativo de función/relación tr.
-- 179
700 1# - ENTRADA AGREGADA--NOMBRE PERSONAL
Nombre de persona Güerri, Alejandro,
Fechas asociadas al nombre 1976-
Término indicativo de función/relación tr.
-- 1681
942 ## - ELEMENTOS DE ENTRADA SECUNDARIOS (KOHA)
Fuente del sistema de clasificación o colocación Clasificación Decimal Dewey
Tipo de ítem Koha Libros Español-Inglés
999 ## -
-- 946
-- 946
Holdings
Fuente del sistema de clasificación o colocación No para préstamo Colección Ubicación Código de barras Visto por última vez Koha item type Fuente de adquisición
Clasificación Decimal Dewey Disponible Colección Español-Inglés 895.634 SO715ku.E 2025 002965 16/06/2026 Libros Español-Inglés Compra


📩 biblioteca.akishino@nichiagakuin.edu.ar

Instagram

Powered by Koha